English Premier League A-Z - Statistics

General Stats
  • This quiz has been taken 61 times
  • The average score is 19 of 26
Answer Stats
AZ Question Answer % Correct
A Which club is known as the Invincibles? FC Arsenal
98%
M Which team won the first Premier League title? Manchester United
98%
C Which club holds the longest unbeaten home streak in Premier League history, from March 2004 to October 2008? FC Chelsea
96%
E Which team has recorded the most draws in Premier League history? FC Everton
96%
L Which club caused one of the biggest shocks in Premier League history by winning the title just two years after being promoted? Leicester City
93%
F Which manager has won the most Premier League titles? Alex Ferguson
89%
B Which is the only team to have won the Premier League but not played in there since 2011/12? Blackburn Rovers
87%
Q Which Premier League team received the most red cards in a single season, with 9 red cards in the 2011/12 season? Queens Park Rangers
87%
D Who was the first African top scorer in a Premier League season? Didier Drogba
85%
O Which stadium in the Premier League has the highest capacity? Old Trafford
85%
U What word in many English football club names indicates that smaller clubs merged to form a single team? United
85%
T Which is the only team among the 'Big Six' that has never won a Premier League title? Tottenham Hotspurs
83%
W At which club are soap bubbles released in the stadium before home matches? West Ham United
80%
S Which player holds the record for the most Premier League goals in history? Alan Shearer
76%
X Who was Arsenal's captain from 2016 to 2023 and currently plays for Sunderland? Granit Xhaka
76%
Y Which striker from Trinidad and Tobago won the treble with Manchester United in 1998/99 and became the Premier League's top scorer? Dwight Yorke
67%
Z Which Italian striker scored 12 free-kick goals for Chelsea and later managed Watford and West Ham United? Gianfranco Zola
65%
I Which player is the most expensive signing in Premier League history? (£125) Alexander Isak
63%
H Which player holds the record for the most amount of goals in one season? Erling Haaland
63%
P Which goalkeeper has the most clean sheets (202) in Premier League history? Petr Cech
52%
R Who was the last Premier League player to win the Ballon D'Or? Rodri
52%
G Which non-English player has the most Premier League appearances? Ryan Giggs
48%
V What is the name of AFC Bournemouth's stadium? Vitality Stadium
46%
K Which player shares the record of seven Premier League Player of the Month awards with Mohamed Salah and Sergio Agüero? Harry Kane
41%
J Which goalkeeper saved the most penalties (13) in Premier League history? David James
35%
N Who is the youngest player to ever appear in a Premier League match? Ethan Nwaneri
24%
No matching quizzes found
Score Distribution
Percent of People with Each Score
Percentile by Number Answered
Your Score History
You have not taken this quiz